| 000 | 00690nam a2200205 4500 | ||
|---|---|---|---|
| 003 | CO-ViMGA | ||
| 020 | _a9789581414710 | ||
| 040 |
_aCO-ViMGA _bspa _cCO-ViMGA |
||
| 090 | _aC BAU7 | ||
| 100 | 1 |
_aBauer, Jutta, _d1955- _97952 |
|
| 245 | 1 | 0 |
_aEmma y la navidad / _cJutta Bauer |
| 260 |
_a Bogotá : _bPlaza & Janés |
||
| 300 |
_a[16] páginas sin numerar : _bilustraciones en color ; 15 cm |
||
| 490 | _aPlan Nacional de Lectura y Escritura Leer es mi Cuento / Ministerio de Cultura | ||
| 500 | _aDe 0 A 2 Años | ||
| 650 | 1 | 4 |
_a Literatura Infantil Alemana _97954 |
| 650 | 1 | 4 |
_a Navidad En La Literatura _97955 |
| 650 | 1 | 4 |
_aCuentos Infantiles Alemanes - Siglo Xx _97953 |
| 942 |
_2ddc _cBK |
||
| 999 |
_c7689 _d7689 |
||